[Event "eytcc"]
[Site "?"]
[Date "2017.08.20"]
[Round "4.22"]
[White "Whatley, Stephen A J"]
[Black "Percivaldi, Martin"]
[Result "0-1"]
[BlackElo "2407"]
[WhiteElo "2172"]
[LiveChessVersion "1.4.4"]

1. e4 {[%clk 1:29:54]} e6 {[%clk 1:30:50]} 2. Nf3 {[%clk 1:30:16]} d5
{[%clk 1:31:09]} 3. Nc3 {[%clk 1:30:34]} Nf6 {[%clk 1:31:07]} 4. e5
{[%clk 1:30:49]} Nfd7 {[%clk 1:31:27]} 5. d4 {[%clk 1:31:03]} c5 {[%clk 1:31:45]}
6. dxc5 {[%clk 1:30:47]} Nxc5 {[%clk 1:30:56]} 7. Be2 {[%clk 1:27:24]} Nc6
{[%clk 1:31:13]} 8. Bf4 {[%clk 1:26:59]} a6 {[%clk 1:29:46]} 9. O-O
{[%clk 1:27:02]} Be7 {[%clk 1:25:45]} 10. Re1 {[%clk 1:20:59]} b5
{[%clk 1:22:37]} 11. Nd4 {[%clk 1:14:41]} Bb7 {[%clk 1:20:38]} 12. Nxc6
{[%clk 1:13:40]} Bxc6 {[%clk 1:19:51]} 13. Bf3 {[%clk 1:12:14]} Rc8
{[%clk 1:16:06]} 14. Ne2 {[%clk 1:08:53]} Bb7 {[%clk 1:14:47]} 15. Be3
{[%clk 0:57:28]} Qc7 {[%clk 1:13:11]} 16. Bd4 {[%clk 0:55:41]} Nd7
{[%clk 1:11:26]} 17. Nf4 {[%clk 0:53:57]} b4 {[%clk 1:04:33]} 18. c3
{[%clk 0:46:51]} bxc3 {[%clk 1:04:25]} 19. Bxc3 {[%clk 0:37:10]} O-O
{[%clk 1:01:52]} 20. Bg4 {[%clk 0:31:40]} Qb6 {[%clk 0:56:34]} 21. Qb3
{[%clk 0:28:24]} Qxb3 {[%clk 0:51:39]} 22. axb3 {[%clk 0:27:32]} Nc5
{[%clk 0:51:30]} 23. b4 {[%clk 0:27:20]} Ne4 {[%clk 0:51:53]} 24. Ne2
{[%clk 0:26:06]} Rc4 {[%clk 0:49:01]} 25. f3 {[%clk 0:22:12]} Nxc3
{[%clk 0:49:04]} 26. bxc3 {[%clk 0:22:40]} d4 {[%clk 0:47:36]} 27. b5
{[%clk 0:15:27]} axb5 {[%clk 0:46:42]} 28. Ra7 {[%clk 0:12:10]} Rb8
{[%clk 0:46:01]} 29. cxd4 {[%clk 0:11:17]} Bf8 {[%clk 0:40:58]} 30. f4
{[%clk 0:09:07]} Be4 {[%clk 0:37:53]} 31. Bf3 {[%clk 0:07:13]} Bxf3
{[%clk 0:38:02]} 32. gxf3 {[%clk 0:07:42]} g6 {[%clk 0:38:14]} 33. Kf2
{[%clk 0:07:02]} b4 {[%clk 0:38:38]} 34. Ke3 {[%clk 0:06:16]} Rc2
{[%clk 0:36:09]} 35. Kd3 {[%clk 0:04:49]} Rbc8 {[%clk 0:34:23]} 36. Rb7
{[%clk 0:04:46]} Ra2 {[%clk 0:34:03]} 37. h3 {[%clk 0:02:16]} Rcc2
{[%clk 0:33:16]} 38. Rb8 {[%clk 0:02:45]} Kg7 {[%clk 0:32:29]} 39. f5
{[%clk 0:02:24]} exf5 {[%clk 0:32:28]} 40. Rb5 {[%clk 0:30:34]} Be7
{[%clk 0:58:06]} 41. d5 {[%clk 0:17:21]} Bh4 {[%clk 0:57:07]} 42. Rd1
{[%clk 0:17:10]} Rxe2 {[%clk 0:57:19]} 43. d6 {[%clk 0:15:34]} Bg5
{[%clk 0:55:30]} 44. Kc4 {[%clk 0:02:07]} Rac2+ {[%clk 0:50:47]} 45. Kd5
{[%clk 0:01:34]} Bf4 {[%clk 0:48:50]} 46. d7 {[%clk 0:01:04]} Red2+
{[%clk 0:48:40]} 47. Rxd2 {[%clk 0:01:33]} Rxd2+ {[%clk 0:49:02]} 48. Kc6
{[%clk 0:01:57]} Bg5 {[%clk 0:41:31]} 49. Rxb4 {[%clk 0:01:54]} Rd3
{[%clk 0:40:54]} 50. Rb7 {[%clk 0:00:36]} Kh6 {[%clk 0:41:10]} 51. d8=Q
{[%clk 0:00:32]} Bxd8 {[%clk 0:41:21]} 52. Rxf7 {[%clk 0:00:50]} Rxf3
{[%clk 0:41:31]} 53. Kd7 {[%clk 0:00:35]} Bg5 {[%clk 0:40:49]} 54. e6
{[%clk 0:00:31]} Rd3+ {[%clk 0:40:55]} 55. Kc6 {[%clk 0:00:34]} Rxh3
{[%clk 0:41:14]} 0-1

[Event "eytcc"]
[Site "?"]
[Date "2017.08.20"]
[Round "4.23"]
[White "Bjerre, Jonas"]
[Black "Kalavannan, Koby"]
[Result "1-0"]
[BlackElo "2201"]
[WhiteElo "2357"]
[LiveChessVersion "1.4.4"]

1. e4 c5 2. Nf3 Nc6 3. d4 cxd4 4. Nxd4 g6 5. c4 Nf6 6. Nc3 d6 7. Be2 Nxd4 8. Qxd4
Bg7 9. Be3 O-O 10. Qd2 a5 11. Rd1 Bd7 12. O-O Bc6 13. f3 a4 14. c5 dxc5 15. Bxc5
Qxd2 16. Rxd2 Rfd8 17. Rxd8+ Rxd8 18. Rd1 Re8 19. Bb5 Bxb5 20. Nxb5 Bf8 21. e5
Rc8 22. Ba3 Nh5 23. Nc3 e6 24. Bxf8 Kxf8 25. Nxa4 Rc2 26. Rd8+ Ke7 27. Rb8 Nf4
28. Rxb7+ Kf8 29. g3 Ne2+ 30. Kf1 Nd4 31. f4 Nf3 32. Nc3 Rxh2 33. Ne4 Kg7 34. a4
Rc2 35. a5 Rc4 36. Nd6 Rc2 37. a6 Rd2 38. Rb3 Nd4 39. a7 Nxb3 40. a8=Q Nd4 41.
Ne8+ Kh6 42. Qh1+ 1-0

[Event "eytcc"]
[Site "?"]
[Date "2017.08.20"]
[Round "4.24"]
[White "Varney, Zoe"]
[Black "Jacobsen, Mikkel Manosri"]
[Result "1/2-1/2"]
[BlackElo "2219"]
[WhiteElo "2005"]
[LiveChessVersion "1.4.4"]

1. e4 {[%clk 1:30:58]} c6 {[%clk 1:30:56]} 2. c4 {[%clk 1:31:20]} d5
{[%clk 1:31:21]} 3. exd5 {[%clk 1:31:43]} cxd5 {[%clk 1:31:47]} 4. cxd5
{[%clk 1:32:06]} Nf6 {[%clk 1:32:13]} 5. Nc3 {[%clk 1:32:28]} Nxd5
{[%clk 1:32:39]} 6. Nf3 {[%clk 1:32:48]} g6 {[%clk 1:33:04]} 7. Bb5+
{[%clk 1:24:22]} Bd7 {[%clk 1:33:25]} 8. Qb3 {[%clk 1:22:52]} Nb6
{[%clk 1:33:47]} 9. Ne5 {[%clk 1:10:20]} e6 {[%clk 1:34:10]} 10. d4
{[%clk 1:09:28]} Bg7 {[%clk 1:34:26]} 11. Na4 {[%clk 0:54:31]} Nxa4
{[%clk 1:07:03]} 12. Qxa4 {[%clk 0:50:59]} a6 {[%clk 1:05:39]} 13. Bxd7+
{[%clk 0:50:02]} Nxd7 {[%clk 1:05:59]} 14. Bg5 {[%clk 0:44:46]} b5
{[%clk 0:52:26]} 15. Bxd8 {[%clk 0:35:49]} bxa4 {[%clk 0:52:51]} 16. Bc7
{[%clk 0:29:02]} Nf6 {[%clk 0:49:36]} 17. Nd3 {[%clk 0:22:54]} Nd5
{[%clk 0:48:36]} 18. Be5 {[%clk 0:21:00]} f6 {[%clk 0:41:47]} 19. Bg3
{[%clk 0:20:58]} Ke7 {[%clk 0:41:45]} 20. O-O {[%clk 0:14:27]} Bh6
{[%clk 0:38:34]} 21. Rfe1 {[%clk 0:12:58]} Rhc8 {[%clk 0:37:25]} 22. Nc5
{[%clk 0:12:25]} e5 {[%clk 0:28:24]} 23. Nd3 {[%clk 0:10:42]} Rc4
{[%clk 0:28:39]} 24. Nxe5 {[%clk 0:09:26]} fxe5 {[%clk 0:25:07]} 25. Rxe5+
{[%clk 0:09:50]} Kf7 {[%clk 0:25:05]} 26. Rxd5 {[%clk 0:10:05]} Rac8
{[%clk 0:24:33]} 27. h3 {[%clk 0:09:20]} Rc2 {[%clk 0:20:31]} 28. Re1
{[%clk 0:05:31]} Rc1 {[%clk 0:17:13]} 29. Rxc1 {[%clk 0:05:19]} Rxc1+
{[%clk 0:16:44]} 30. Kh2 {[%clk 0:05:46]} Ra1 {[%clk 0:16:53]} 31. a3
{[%clk 0:03:44]} Bc1 {[%clk 0:17:08]} 32. Ra5 {[%clk 0:02:59]} Bxb2
{[%clk 0:17:29]} 33. Rxa4 {[%clk 0:02:54]} Rxa3 {[%clk 0:17:39]} 34. Rxa3
{[%clk 0:02:33]} Bxa3 {[%clk 0:18:02]} 35. Bc7 {[%clk 0:01:55]} Ke6
{[%clk 0:18:16]} 36. Ba5 {[%clk 0:01:10]} Bb2 {[%clk 0:18:38]} 37. Bb6
{[%clk 0:01:12]} Kd5 {[%clk 0:19:03]} 38. f4 {[%clk 0:01:16]} Bxd4
{[%clk 0:15:46]} 39. Ba5 {[%clk 0:01:41]} Ke4 {[%clk 0:15:03]} 40. Kg3
{[%clk 0:31:00]} Be3 {[%clk 0:45:12]} 41. Bc7 {[%clk 0:30:26]} Bd2
{[%clk 0:45:25]} 42. Kg4 {[%clk 0:30:10]} a5 {[%clk 0:43:55]} 43. Kg5
{[%clk 0:29:33]} a4 {[%clk 0:42:35]} 44. Bd6 {[%clk 0:29:05]} Bc1
{[%clk 0:37:20]} 45. g3 {[%clk 0:28:17]} a3 {[%clk 0:37:32]} 46. Bxa3
{[%clk 0:27:29]} Bxa3 {[%clk 0:37:56]} 47. Kh6 {[%clk 0:27:55]} Kf5 48. Kxh7
{[%clk 0:28:06]} Bc5 {[%clk 0:34:21]} 49. g4+ {[%clk 0:28:17]} Kf6
{[%clk 0:34:41]} 50. h4 {[%clk 0:28:33]} Be3 {[%clk 0:34:17]} 51. f5
{[%clk 0:28:38]} gxf5 {[%clk 0:34:37]} 52. gxf5 {[%clk 0:29:04]} Kxf5
{[%clk 0:34:59]} 53. Kg7 {[%clk 0:29:25]} 1/2-1/2

[Event "eytcc"]
[Site "?"]
[Date "2017.08.20"]
[Round "4.25"]
[White "Nayhebaver, Martin"]
[Black "Vykouk, Jan"]
[Result "1/2-1/2"]
[BlackElo "2431"]
[WhiteElo "2451"]
[LiveChessVersion "1.4.4"]

1. d4 {[%clk 1:30:53]} Nf6 {[%clk 1:30:53]} 2. c4 {[%clk 1:31:10]} e6
{[%clk 1:31:12]} 3. Nf3 {[%clk 1:31:17]} b6 {[%clk 1:31:19]} 4. g3
{[%clk 1:31:24]} Ba6 {[%clk 1:31:32]} 5. b3 {[%clk 1:31:19]} Bb4+
{[%clk 1:30:55]} 6. Bd2 {[%clk 1:31:39]} Be7 {[%clk 1:31:19]} 7. Bg2
{[%clk 1:31:33]} c6 {[%clk 1:31:09]} 8. Nc3 {[%clk 1:30:21]} d5 {[%clk 1:31:22]}
9. O-O {[%clk 1:28:40]} Nbd7 {[%clk 1:30:52]} 10. Re1 {[%clk 1:17:34]} O-O
{[%clk 1:28:09]} 11. Ne5 {[%clk 1:13:52]} Nxe5 {[%clk 1:27:07]} 12. dxe5
{[%clk 1:14:16]} Nd7 {[%clk 1:27:27]} 13. f4 {[%clk 1:12:27]} Rc8
{[%clk 1:22:02]} 14. cxd5 {[%clk 1:10:53]} cxd5 {[%clk 1:22:25]} 15. a3
{[%clk 1:09:20]} Bc5+ {[%clk 1:14:27]} 16. e3 {[%clk 1:03:25]} Be7
{[%clk 1:10:54]} 17. b4 {[%clk 1:01:30]} Bc4 {[%clk 1:09:42]} 18. Ne2
{[%clk 0:59:13]} b5 {[%clk 1:05:15]} 19. a4 {[%clk 0:45:25]} a5 {[%clk 0:58:31]}
20. axb5 {[%clk 0:44:32]} axb4 {[%clk 0:58:54]} 21. Nd4 {[%clk 0:44:47]} Bc5
{[%clk 0:56:23]} 22. Qb1 {[%clk 0:36:38]} Bxd4 {[%clk 0:45:04]} 23. exd4
{[%clk 0:37:02]} b3 {[%clk 0:45:28]} 24. Ba5 {[%clk 0:33:34]} Qe7
{[%clk 0:43:01]} 25. f5 {[%clk 0:32:54]} exf5 {[%clk 0:42:39]} 26. Qxf5
{[%clk 0:31:35]} g6 {[%clk 0:37:13]} 27. Qf3 {[%clk 0:29:22]} Ra8
{[%clk 0:30:08]} 28. Qc3 {[%clk 0:24:14]} Rfb8 {[%clk 0:28:58]} 29. Bh3
{[%clk 0:21:41]} Nf8 {[%clk 0:23:37]} 30. b6 {[%clk 0:20:21]} Qe8
{[%clk 0:21:47]} 31. Qd2 {[%clk 0:06:11]} Qb5 {[%clk 0:18:27]} 32. e6
{[%clk 0:00:54]} fxe6 {[%clk 0:18:52]} 33. Bb4 {[%clk 0:00:37]} Rxa1
{[%clk 0:12:04]} 34. Rxa1 {[%clk 0:01:06]} Qxb6 {[%clk 0:12:04]} 35. Bc5
{[%clk 0:01:35]} Qc6 {[%clk 0:03:54]} 36. Qf4 {[%clk 0:01:27]} e5
{[%clk 0:04:19]} 37. Qf2 {[%clk 0:00:37]} b2 {[%clk 0:01:45]} 38. Rb1
{[%clk 0:00:59]} Nd7 {[%clk 0:00:39]} 39. Bxd7 {[%clk 0:00:52]} Qxd7
{[%clk 0:01:04]} 40. Rxb2 {[%clk 0:31:13]} Ra8 {[%clk 0:31:10]} 41. Qf6
{[%clk 0:24:26]} e4 {[%clk 0:28:09]} 42. Qf4 {[%clk 0:21:37]} Qf7
{[%clk 0:21:35]} 43. Rb8+ {[%clk 0:20:55]} Rxb8 {[%clk 0:22:01]} 44. Qxb8+
{[%clk 0:21:22]} Kg7 {[%clk 0:22:25]} 45. Qa7 {[%clk 0:20:07]} Qxa7
{[%clk 0:21:42]} 46. Bxa7 {[%clk 0:20:36]} e3 {[%clk 0:22:04]} 47. Kg2
{[%clk 0:20:58]} Kf6 {[%clk 0:22:27]} 48. Kf3 {[%clk 0:21:09]} e2
{[%clk 0:22:51]} 49. Kf2 {[%clk 0:21:36]} Kf5 {[%clk 0:23:14]} 50. Bb8
{[%clk 0:21:31]} g5 {[%clk 0:16:55]} 51. h3 {[%clk 0:21:51]} Ke4 {[%clk 0:14:08]}
52. Be5 {[%clk 0:22:14]} Kd3 {[%clk 0:14:27]} 53. Ke1 {[%clk 0:22:40]} Bb5
{[%clk 0:14:14]} 54. h4 {[%clk 0:22:58]} gxh4 {[%clk 0:14:29]} 55. gxh4
{[%clk 0:23:24]} h5 {[%clk 0:14:49]} 56. Bf6 {[%clk 0:23:47]} Ke3
{[%clk 0:14:26]} 57. Be5 {[%clk 0:23:59]} Kd3 {[%clk 0:14:41]} 58. Bf6
{[%clk 0:24:23]} Ke3 {[%clk 0:15:04]} 59. Be5 {[%clk 0:24:47]} Kd3
{[%clk 0:15:14]} 1/2-1/2

[Event "eytcc"]
[Site "?"]
[Date "2017.08.20"]
[Round "4.26"]
[White "Havelka, Josef"]
[Black "Pechac, Jergus"]
[Result "1/2-1/2"]
[BlackElo "2441"]
[WhiteElo "2338"]
[LiveChessVersion "1.4.4"]

1. e4 {[%clk 1:30:57]} b6 {[%clk 1:29:57]} 2. d4 {[%clk 1:30:33]} Bb7
{[%clk 1:30:17]} 3. Bd3 {[%clk 1:28:30]} d6 {[%clk 1:30:30]} 4. Nf3
{[%clk 1:28:37]} Nd7 {[%clk 1:30:56]} 5. O-O {[%clk 1:25:56]} e6 {[%clk 1:31:21]}
6. Bf4 {[%clk 1:22:49]} Ne7 {[%clk 1:31:45]} 7. Nc3 {[%clk 1:21:17]} h6
{[%clk 1:32:08]} 8. Qe2 {[%clk 1:14:12]} a6 {[%clk 1:32:35]} 9. a4
{[%clk 1:12:40]} g5 {[%clk 1:32:54]} 10. Bg3 {[%clk 1:10:17]} Bg7
{[%clk 1:33:20]} 11. e5 {[%clk 1:04:25]} Bxf3 {[%clk 1:30:35]} 12. Qxf3
{[%clk 1:00:08]} dxe5 {[%clk 1:30:35]} 13. dxe5 {[%clk 1:00:11]} Nxe5
{[%clk 1:29:40]} 14. Bxe5 {[%clk 0:58:53]} Bxe5 {[%clk 1:30:08]} 15. Rad1
{[%clk 0:58:54]} Qb8 {[%clk 1:26:45]} 16. Rfe1 {[%clk 0:50:28]} c6
{[%clk 1:26:24]} 17. Qh5 {[%clk 0:47:19]} Kf8 {[%clk 1:17:24]} 18. Ne4
{[%clk 0:34:42]} Nd5 {[%clk 1:11:06]} 19. g3 {[%clk 0:34:18]} Qc7
{[%clk 1:06:07]} 20. Qe2 {[%clk 0:28:49]} Ke7 {[%clk 0:44:22]} 21. c3
{[%clk 0:28:26]} Bg7 {[%clk 0:42:44]} 22. Bxa6 {[%clk 0:26:13]} Rhd8
{[%clk 0:42:20]} 23. Ra1 {[%clk 0:24:58]} Ra7 {[%clk 0:30:53]} 24. Bc4
{[%clk 0:22:48]} Rda8 {[%clk 0:30:03]} 25. Bb3 {[%clk 0:19:56]} b5
{[%clk 0:28:07]} 26. c4 {[%clk 0:17:54]} bxc4 {[%clk 0:28:20]} 27. Qxc4
{[%clk 0:17:50]} Qb6 {[%clk 0:27:37]} 28. Re2 {[%clk 0:14:00]} Rb8
{[%clk 0:27:17]} 29. Bd1 {[%clk 0:12:31]} Qd4 {[%clk 0:19:02]} 30. Qxc6
{[%clk 0:09:14]} Nb4 {[%clk 0:19:25]} 31. Qc5+ {[%clk 0:07:38]} Qxc5
{[%clk 0:19:50]} 32. Nxc5 {[%clk 0:08:05]} Rc8 {[%clk 0:19:23]} 33. Ne4
{[%clk 0:06:52]} Nd3 {[%clk 0:19:42]} 34. Rb1 {[%clk 0:05:47]} Nxb2
{[%clk 0:20:01]} 35. Bb3 {[%clk 0:05:25]} Nd3 {[%clk 0:18:58]} 36. Re3
{[%clk 0:04:20]} Nc1 {[%clk 0:18:11]} 37. Bd1 {[%clk 0:03:29]} f5
{[%clk 0:18:09]} 38. Nc3 {[%clk 0:03:12]} Bd4 {[%clk 0:17:29]} 39. Rxc1
{[%clk 0:02:08]} Bxe3 {[%clk 0:17:55]} 40. Nd5+ {[%clk 0:32:26]} Kd7
{[%clk 0:47:36]} 41. Nf6+ {[%clk 0:28:49]} Kd8 {[%clk 0:47:49]} 42. Rxc8+
{[%clk 0:26:38]} Kxc8 {[%clk 0:48:07]} 43. fxe3 {[%clk 0:26:58]} Kc7
{[%clk 0:43:47]} 44. g4 {[%clk 0:17:07]} Kd6 {[%clk 0:43:34]} 45. gxf5
{[%clk 0:16:40]} exf5 {[%clk 0:43:58]} 46. Bb3 {[%clk 0:14:56]} Rb7
{[%clk 0:44:13]} 47. Bc4 {[%clk 0:14:18]} Ke5 {[%clk 0:44:05]} 48. Nd5
{[%clk 0:12:17]} Rb1+ {[%clk 0:43:42]} 49. Kg2 {[%clk 0:12:04]} Ra1
{[%clk 0:44:02]} 50. Nb6 {[%clk 0:09:43]} h5 {[%clk 0:43:31]} 51. h4
{[%clk 0:07:38]} g4 {[%clk 0:43:31]} 52. Bf7 {[%clk 0:07:06]} Ke4
{[%clk 0:40:40]} 53. Bxh5 {[%clk 0:06:05]} Kxe3 {[%clk 0:40:23]} 54. Bg6
{[%clk 0:04:47]} Ra2+ {[%clk 0:39:23]} 55. Kg3 {[%clk 0:04:41]} f4+
{[%clk 0:39:41]} 56. Kxg4 {[%clk 0:05:06]} Rg2+ {[%clk 0:39:45]} 57. Kh5
{[%clk 0:05:16]} f3 {[%clk 0:40:11]} 58. Be8 {[%clk 0:04:45]} Re2
{[%clk 0:39:53]} 59. Bd7 {[%clk 0:02:59]} Kd4 {[%clk 0:39:01]} 60. Bh3
{[%clk 0:02:49]} Rh2 {[%clk 0:38:28]} 61. Kg4 {[%clk 0:02:45]} f2
{[%clk 0:38:28]} 62. Bf1 {[%clk 0:02:19]} Rh1 {[%clk 0:38:52]} 63. Ba6
{[%clk 0:02:29]} Rb1 {[%clk 0:38:59]} 64. a5 {[%clk 0:02:49]} Rb3
{[%clk 0:38:52]} 65. Bf1 {[%clk 0:02:44]} Rb1 {[%clk 0:38:33]} 66. Ba6
{[%clk 0:02:58]} Rb3 {[%clk 0:36:45]} 67. Bf1 {[%clk 0:03:22]} Ra3
{[%clk 0:37:13]} 68. a6 {[%clk 0:02:51]} Ra1 {[%clk 0:37:37]} 69. Bc4
{[%clk 0:02:12]} Kc5 {[%clk 0:37:41]} 70. Kg3 {[%clk 0:02:14]} Ra2
{[%clk 0:37:50]} 71. Kg2 {[%clk 0:01:43]} f1=B+ {[%clk 0:37:17]} 1/2-1/2

[Event "eytcc"]
[Site "?"]
[Date "2017.08.20"]
[Round "4.27"]
[White "Karas, Marek"]
[Black "Kozusek, Daniel"]
[Result "1/2-1/2"]
[BlackElo "2296"]
[WhiteElo "2256"]
[LiveChessVersion "1.4.4"]

1. e3 {[%clk 1:30:59]} Nf6 {[%clk 1:22:52]} 2. Nf3 {[%clk 1:30:53]} d5
{[%clk 1:22:46]} 3. c4 {[%clk 1:30:37]} e6 {[%clk 1:23:05]} 4. b3
{[%clk 1:30:45]} c5 {[%clk 1:22:56]} 5. Bb2 {[%clk 1:30:07]} Nc6 {[%clk 1:23:22]}
6. cxd5 {[%clk 1:29:12]} exd5 {[%clk 1:23:36]} 7. Bb5 {[%clk 1:26:24]} Bd6
{[%clk 1:22:32]} 8. Ne5 {[%clk 1:19:48]} Qc7 {[%clk 1:20:21]} 9. f4
{[%clk 1:17:44]} O-O {[%clk 1:18:19]} 10. Nxc6 {[%clk 1:14:15]} bxc6
{[%clk 1:18:42]} 11. Be2 {[%clk 1:14:16]} d4 {[%clk 1:13:47]} 12. Na3
{[%clk 1:07:53]} Nd5 {[%clk 1:11:54]} 13. Nc4 {[%clk 1:07:17]} Ba6
{[%clk 1:11:45]} 14. Nxd6 {[%clk 1:03:04]} Bxe2 {[%clk 1:12:04]} 15. Qxe2
{[%clk 1:03:27]} Qxd6 {[%clk 1:12:31]} 16. O-O {[%clk 1:03:05]} Rae8
{[%clk 1:09:49]} 17. Qg4 {[%clk 0:59:52]} f5 {[%clk 1:02:51]} 18. Qg3
{[%clk 0:59:41]} Rf6 {[%clk 0:54:58]} 19. exd4 {[%clk 0:56:14]} Re2
{[%clk 0:55:11]} 20. Rf2 {[%clk 0:53:18]} Rg6 {[%clk 0:44:33]} 21. Rxe2
{[%clk 0:48:33]} Rxg3 {[%clk 0:44:58]} 22. hxg3 {[%clk 0:48:54]} cxd4
{[%clk 0:45:22]} 23. Rae1 {[%clk 0:42:48]} d3 {[%clk 0:42:54]} 24. Re8+
{[%clk 0:40:08]} Kf7 {[%clk 0:43:17]} 25. R8e5 {[%clk 0:39:35]} Qc5+
{[%clk 0:39:11]} 26. Kh2 {[%clk 0:39:07]} g6 {[%clk 0:31:07]} 27. Rc1
{[%clk 0:38:06]} Qb6 {[%clk 0:30:02]} 28. Ba3 {[%clk 0:31:00]} Qa6
{[%clk 0:17:55]} 29. Bd6 {[%clk 0:30:12]} Nf6 {[%clk 0:15:36]} 30. Re7+
{[%clk 0:28:19]} Kg8 {[%clk 0:16:02]} 31. Rce1 {[%clk 0:26:49]} Ng4+
{[%clk 0:14:03]} 32. Kh3 {[%clk 0:26:47]} Nf2+ {[%clk 0:14:30]} 33. Kh2
{[%clk 0:21:18]} Ng4+ {[%clk 0:13:17]} 34. Kh3 {[%clk 0:19:02]} Nf2+
{[%clk 0:13:35]} 35. Kh2 {[%clk 0:19:17]} Ng4+ 1/2-1/2

[Event "eytcc"]
[Site "?"]
[Date "2017.08.20"]
[Round "4.28"]
[White "Zeman, Matyas"]
[Black "Jablonicky, Martin"]
[Result "1-0"]
[BlackElo "2328"]
[WhiteElo "2168"]
[LiveChessVersion "1.4.4"]

1. d4 {[%clk 1:30:54]} Nf6 {[%clk 1:30:51]} 2. Nc3 {[%clk 1:31:19]} g6
{[%clk 1:31:11]} 3. e4 {[%clk 1:31:43]} d6 {[%clk 1:31:39]} 4. Bf4
{[%clk 1:32:01]} Bg7 {[%clk 1:32:02]} 5. Qd2 {[%clk 1:32:25]} Nc6
{[%clk 1:31:35]} 6. O-O-O {[%clk 1:32:44]} O-O {[%clk 1:32:01]} 7. Nf3
{[%clk 1:33:06]} Bg4 {[%clk 1:32:28]} 8. Qe3 {[%clk 1:33:31]} Nh5
{[%clk 1:32:53]} 9. Bh6 {[%clk 1:31:53]} Bxh6 {[%clk 1:32:51]} 10. Qxh6
{[%clk 1:32:17]} Bxf3 {[%clk 1:33:15]} 11. gxf3 {[%clk 1:32:43]} e5
{[%clk 1:33:42]} 12. dxe5 {[%clk 1:22:34]} Nxe5 {[%clk 1:34:11]} 13. Qe3
{[%clk 1:22:30]} Qh4 {[%clk 1:31:19]} 14. Bd3 {[%clk 1:07:22]} c6
{[%clk 1:18:10]} 15. Ne2 {[%clk 1:01:16]} a5 {[%clk 1:07:58]} 16. Rhg1
{[%clk 0:51:25]} b5 {[%clk 1:02:15]} 17. Ng3 {[%clk 0:48:43]} Ng7
{[%clk 0:52:53]} 18. Be2 {[%clk 0:46:20]} Qe7 {[%clk 0:45:58]} 19. f4
{[%clk 0:44:33]} Nc4 {[%clk 0:40:28]} 20. Bxc4 {[%clk 0:44:06]} bxc4
{[%clk 0:40:57]} 21. Qd4 {[%clk 0:43:28]} Ne6 {[%clk 0:39:55]} 22. Nf5
{[%clk 0:42:53]} 1-0

[Event "eytcc"]
[Site "?"]
[Date "2017.08.20"]
[Round "4.29"]
[White "Haring, Viktor"]
[Black "De Waele, Warre"]
[Result "1-0"]
[BlackElo "2168"]
[WhiteElo "2317"]
[LiveChessVersion "1.4.4"]

1. e4 {[%clk 1:30:52]} e5 {[%clk 1:30:54]} 2. Nf3 {[%clk 1:31:01]} Nc6
{[%clk 1:31:18]} 3. Bb5 {[%clk 1:31:19]} a6 {[%clk 1:31:41]} 4. Ba4
{[%clk 1:31:08]} Nf6 {[%clk 1:32:03]} 5. O-O {[%clk 1:31:07]} Be7
{[%clk 1:32:28]} 6. Re1 {[%clk 1:31:06]} b5 {[%clk 1:32:52]} 7. Bb3
{[%clk 1:31:26]} d6 {[%clk 1:33:18]} 8. c3 {[%clk 1:31:36]} O-O {[%clk 1:33:40]}
9. h3 {[%clk 1:31:56]} Nb8 {[%clk 1:34:07]} 10. d4 {[%clk 1:27:08]} Nbd7
{[%clk 1:34:25]} 11. Nbd2 {[%clk 1:26:45]} Bb7 {[%clk 1:34:47]} 12. Bc2
{[%clk 1:26:10]} Re8 {[%clk 1:35:11]} 13. Nf1 {[%clk 1:25:58]} Bf8
{[%clk 1:35:35]} 14. Ng3 {[%clk 1:25:20]} g6 {[%clk 1:35:59]} 15. Bg5
{[%clk 1:13:29]} h6 {[%clk 1:35:01]} 16. Bd2 {[%clk 1:13:51]} Bg7
{[%clk 1:35:23]} 17. a4 {[%clk 1:11:59]} c5 {[%clk 1:34:19]} 18. d5
{[%clk 1:11:21]} c4 {[%clk 1:34:39]} 19. axb5 {[%clk 0:57:10]} axb5
{[%clk 1:34:57]} 20. b3 {[%clk 0:57:28]} cxb3 {[%clk 1:24:40]} 21. Bxb3
{[%clk 0:57:45]} Nc5 {[%clk 1:24:50]} 22. Bc2 {[%clk 0:57:52]} Nfd7
{[%clk 1:18:19]} 23. Rxa8 {[%clk 0:40:11]} Qxa8 {[%clk 1:18:29]} 24. Qc1
{[%clk 0:40:21]} Kh7 {[%clk 1:15:52]} 25. Qb2 {[%clk 0:40:03]} Ba6
{[%clk 1:12:08]} 26. Be3 {[%clk 0:36:17]} Rc8 {[%clk 0:55:32]} 27. Ra1
{[%clk 0:33:36]} Qb7 {[%clk 0:47:09]} 28. Nd2 {[%clk 0:31:10]} Rb8
{[%clk 0:35:30]} 29. Qb4 {[%clk 0:29:51]} Qc7 {[%clk 0:34:02]} 30. Ra5
{[%clk 0:15:00]} Bf6 {[%clk 0:33:28]} 31. Nb3 {[%clk 0:07:04]} Bd8
{[%clk 0:33:04]} 32. Qa3 {[%clk 0:05:53]} Qc8 {[%clk 0:28:11]} 33. Nxc5
{[%clk 0:03:34]} Nxc5 {[%clk 0:28:02]} 34. Bxc5 {[%clk 0:03:54]} Bxa5
{[%clk 0:28:19]} 35. Bxd6 {[%clk 0:04:18]} Bc7 {[%clk 0:24:19]} 36. Bxc7
{[%clk 0:04:37]} Qxc7 {[%clk 0:24:38]} 37. Qxa6 {[%clk 0:04:57]} Qxc3
{[%clk 0:24:59]} 38. Qa7 {[%clk 0:05:02]} Rf8 {[%clk 0:24:51]} 39. Qe7
{[%clk 0:02:42]} Kg7 {[%clk 0:23:34]} 40. d6 {[%clk 0:32:27]} Qxc2
{[%clk 0:53:45]} 41. Qxe5+ {[%clk 0:32:35]} Kh7 {[%clk 0:52:48]} 42. Qe7
{[%clk 0:32:01]} Qc8 {[%clk 0:52:30]} 43. e5 {[%clk 0:30:37]} Kg8
{[%clk 0:48:33]} 44. Kh2 {[%clk 0:29:43]} Qe6 {[%clk 0:43:17]} 45. Ne4
{[%clk 0:28:53]} Kg7 {[%clk 0:42:02]} 46. Nf6 {[%clk 0:15:12]} b4
{[%clk 0:40:10]} 47. f4 {[%clk 0:10:03]} b3 {[%clk 0:39:46]} 48. Qb7
{[%clk 0:08:51]} Qc4 {[%clk 0:32:30]} 49. Nd5 {[%clk 0:08:04]} Qc2
{[%clk 0:29:35]} 50. e6 {[%clk 0:05:52]} b2 {[%clk 0:29:37]} 51. Qb4
{[%clk 0:01:18]} b1=Q {[%clk 0:20:57]} 52. Qd4+ {[%clk 0:01:42]} f6
{[%clk 0:19:51]} 53. Qa7+ {[%clk 0:01:03]} Kh8 {[%clk 0:19:48]} 54. e7
{[%clk 0:00:36]} Rg8 {[%clk 0:16:04]} 55. d7 {[%clk 0:00:36]} Qcd1
{[%clk 0:10:06]} 56. e8=Q {[%clk 0:00:37]} Qh1+ {[%clk 0:10:19]} 57. Kg3
{[%clk 0:00:56]} Qd3+ {[%clk 0:10:35]} 58. Qae3 {[%clk 0:00:36]} Qe1+
{[%clk 0:10:48]} 59. Kh2 {[%clk 0:00:43]} Qexe3 {[%clk 0:07:43]} 60. Qxg8+
{[%clk 0:00:47]} Kxg8 {[%clk 0:08:09]} 61. d8=Q+ {[%clk 0:00:58]} Kf7
{[%clk 0:08:05]} 62. Qxf6+ {[%clk 0:01:12]} Ke8 {[%clk 0:08:16]} 63. Nxe3
{[%clk 0:01:29]} Qxe3 {[%clk 0:08:37]} 64. Qxg6+ {[%clk 0:01:41]} Kd7
{[%clk 0:08:56]} 65. Qxh6 {[%clk 0:02:02]} Qf2 {[%clk 0:09:06]} 66. Qg7+
{[%clk 0:02:24]} Kc6 {[%clk 0:09:25]} 67. Qf6+ {[%clk 0:02:45]} Kd7
{[%clk 0:09:44]} 68. h4 {[%clk 0:03:01]} 1-0